Convergence of Slovakia and V4 countries to the EU

Gespeichert in:
Bibliographische Detailangaben
1. Verfasser: Valach, Matej
Format: Buchkapitel
Sprache:Englisch
Schlagworte:
Tags: Tag hinzufügen
Keine Tags, Fügen Sie das erste Tag hinzu!

MARC

LEADER 00000nla a2200000 4500
001 0195807
005 20240502073307.0
041 0 |a eng 
044 |a SK 
245 1 0 |a Convergence of Slovakia and V4 countries to the EU  |c Matej Valach 
610 2 0 |a konvergencia 
610 2 0 |a kvalita života 
610 2 0 |a rast hospodársky 
610 2 0 |a produkt domáci hrubý 
610 2 0 |a zamestnanosť 
610 2 0 |a Slovensko 
610 2 0 |a Vyšehradská štvorka 
610 2 0 |a Európska únia 
100 1 |a Valach, Matej